| 000 | 00374pab a2200145 454500 | ||
|---|---|---|---|
| 008 | 180718b1985 xxu||||| |||| 00| 0 eng d | ||
| 100 | _aSharma, Sudesh Kumar | ||
| 245 | _aPublic policy and rural development | ||
| 260 | _c1985 | ||
| 300 | _a117-24 | ||
| 362 | _aJan.-Mar. | ||
| 650 | _aRural Development | ||
| 773 | _aIndian Journal of Political Science | ||
| 909 | _a17407 | ||
| 999 |
_c17407 _d17407 |
||